| 000 | 00686nam a2200229 a 4500 | ||
|---|---|---|---|
| 005 | 20210219153327.0 | ||
| 008 | 991125n 000 0 spa u | ||
| 035 | _aUPN01000091301 | ||
| 100 | _aMOORE, David M. | ||
| 222 | _aCOMPUTERS IN THE SCHOOLS: THE INTERDISCIPLINARY JOURNAL OF PRACTICE, THEORY AND APPLIED RESEARCH | ||
| 245 | _aThe parable of the expensive ball point pen revisited : implications for hypermedia | ||
| 260 | _aNew York, EUA | ||
| 300 | _a3-7 | ||
| 362 | _a1994 Vol.10, no. 1-2 | ||
| 653 | 0 | _aAPRENDIZAJE | |
| 653 | 0 | _aENSEĆANZA | |
| 653 | 0 | _aHIPERMEDIA | |
| 653 | 0 | _aHIPERTEXTO | |
| 653 | 0 | _aMAESTROS | |
| 904 |
_aAC _b029112 |
||
| 905 | _aArticulo | ||
| 999 |
_c73978 _d73978 |
||